<?xml version="1.0" encoding="UTF-8"?><?xml-stylesheet type="text/xsl" href="static/style.xsl"?><OAI-PMH xmlns="http://www.openarchives.org/OAI/2.0/" xmlns:xsi="http://www.w3.org/2001/XMLSchema-instance" xsi:schemaLocation="http://www.openarchives.org/OAI/2.0/ http://www.openarchives.org/OAI/2.0/OAI-PMH.xsd"><responseDate>2026-04-17T05:29:27Z</responseDate><request verb="GetRecord" identifier="oai:www.recercat.cat:2117/168192" metadataPrefix="marc">https://recercat.cat/oai/request</request><GetRecord><record><header><identifier>oai:recercat.cat:2117/168192</identifier><datestamp>2025-07-23T04:37:51Z</datestamp><setSpec>com_2072_1033</setSpec><setSpec>col_2072_452951</setSpec></header><metadata><record xmlns="http://www.loc.gov/MARC21/slim" xmlns:dcterms="http://purl.org/dc/terms/" xmlns:xsi="http://www.w3.org/2001/XMLSchema-instance" xmlns:doc="http://www.lyncode.com/xoai" xsi:schemaLocation="http://www.loc.gov/MARC21/slim http://www.loc.gov/standards/marcxml/schema/MARC21slim.xsd">
   <leader>00925njm 22002777a 4500</leader>
   <datafield ind2=" " ind1=" " tag="042">
      <subfield code="a">dc</subfield>
   </datafield>
   <datafield ind2=" " ind1=" " tag="720">
      <subfield code="a">Carmona Rodríguez, Eric</subfield>
      <subfield code="e">author</subfield>
   </datafield>
   <datafield ind2=" " ind1=" " tag="260">
      <subfield code="c">2018-07-03</subfield>
   </datafield>
   <datafield ind2=" " ind1=" " tag="520">
      <subfield code="a">Simulación y optimización del movimiento humano mediante colocación directaiResumAmb  el  present  treball  de  fi  de  grau  es  pretén  optimitzar  i simularel  moviment  humà  utilitzant únicament el seu estat inicial i final. Per dur a terme aquesta iniciativa s’ha utilitzat un model biomecànic que conté els paràmetres antropomètrics del coshumà, podent ser utilitzada per predir el moviment. Es consideraque l’ésser humà segueix un criteri òptim per moure’s. Per tant, per simular el moviment, es resoldrà un problema d’optimització dinàmica.El problema de control òptim a resoldre consisteix en minimitzar una funció de cost integral en el temps (funcional) a la vegada que s’imposen unes restriccions. Hi ha diferents mètodes de resolució. El càlcul del cost de la trajectòria pot generar errors d’integració, i per tant, inestabilitats en l’optimització. Per evitar aquest inconvenient, s’utilitza el mètode de col·locació directa, ja que simplifica els càlculs necessaris per a l’optimització, evitant la integració explícita.L’anàlisi de la dinàmica inversa permet obtenir els esforços articulars resultants  a  partir  de  la cinemàtica y els paràmetres antropomètrics. S’ha utilitzat un software de biomecànica (OpenSim) per obtenir  aquesta  informació  a  cada  avaluació  de  la  funció  de  cost  i de  les restriccions  del  problema d’optimització. La resolució matemàtica s’ha obtingut mitjançant CasAdi, un software utilitzata través de  MATLAB  que  realitza  diferenciació  automàtica  per  calcular  derivades  parcials,  fet  que  permet obtenir resultats sense errors de truncament. Una vegada formulat l’algorisme del problema de control òptim, es plantegen dos moviments diferents: el primer, més simple, consisteix en la flexió del genoll esquerra a 90°, i el segon representa el moviment de la marxa.El  primer  moviment va  serutilitzat  per  determinar  el  criteri  d'optimitzacióque  proporcionamillors resultats en elmenor número d'iteracions, el qual consisteixenla minimització dels moments articulars i acceleracions del model. Pel que fa al moviment de la marxa, queva seroptimitzat amb aquest criteri, es  vasubdividiren  tres  desplaçaments  simples,  dels  quals es  van  obtenirresultats  òptims  per  a cadascun. Posteriorment, es vaconcatenarles trajectòries òptimes per poder visualitzar el moviment complet.</subfield>
   </datafield>
   <datafield tag="653" ind2=" " ind1=" ">
      <subfield code="a">Àrees temàtiques de la UPC::Enginyeria mecànica</subfield>
   </datafield>
   <datafield tag="653" ind2=" " ind1=" ">
      <subfield code="a">Biomechanics</subfield>
   </datafield>
   <datafield tag="653" ind2=" " ind1=" ">
      <subfield code="a">Biomecánica</subfield>
   </datafield>
   <datafield tag="653" ind2=" " ind1=" ">
      <subfield code="a">colocación directa</subfield>
   </datafield>
   <datafield tag="653" ind2=" " ind1=" ">
      <subfield code="a">modelo biomecánico</subfield>
   </datafield>
   <datafield tag="653" ind2=" " ind1=" ">
      <subfield code="a">dinámica inversa</subfield>
   </datafield>
   <datafield tag="653" ind2=" " ind1=" ">
      <subfield code="a">Biomecànica -- Aparell locomotor</subfield>
   </datafield>
   <datafield ind2="0" ind1="0" tag="245">
      <subfield code="a">Simulación y optimización del movimiento humano mediante colocación directa</subfield>
   </datafield>
</record></metadata></record></GetRecord></OAI-PMH>